| 000 | 00540nam a2200181Ia 4500 | ||
|---|---|---|---|
| 003 | GCL | ||
| 008 | 140319s9999 xx 000 0 ara d | ||
| 040 |
_aGCL / _cGCL |
||
| 082 | 0 | 4 |
_a811.009 _bم ن |
| 100 | 1 | _aمحمد ابراهيم نصر | |
| 245 | 1 | 0 |
_aالنقد الادبى فى العصر الجاهلى وصدر الاسلام / _cمحمد ابراهيم نصر |
| 300 | _a175 ص | ||
| 490 | _a | ||
| 650 | 0 | 4 | _aالعصر الجاهلى |
| 650 | 0 | 4 | _aصدر الاسلام |
| 650 | 0 | 4 | _aتاريخ ونقد |
| 942 |
_2ddc _cBK |
||
| 999 |
_c39603 _d39603 |
||